000 00898nam a2200217Ia 4500
003 IN-BaIIA
008 211028s9999 xx 000 0 eng d
020 _a1-58381-209-1
040 _cIIA Library
080 _a082.2:52
_bASP-342
111 _aMeeting on 1604-2004- Supernovae as Cosmological Lighthouses
_cItaly
_d2004 June 15-19
_930842
245 0 _a1604-2004- supernovae as cosmological lighthouses
_bproceedings of a meeting held in Padova, Italy, 15-19 June, 2004
_cedited by Massimo Turatto
260 _aSan Francisco
_bAstronomical Society of the Pacific
_c2005
300 _axxiv, 512p.
490 _aASP conference series; v. 342
650 _aCosmological distances-congresses
_930843
650 _aSupernovae as distance indicators-congresses
_930844
700 _aTuratto, Massimo, ed.
_930845
710 _aAstronomical Society of the Pacific
_91154
942 _cBK
999 _c16584
_d16584